O encontro entre Bandeira e Sinho = La reunión entre Bandera y Sinhó /
Tallennettuna:
| Päätekijä: | |
|---|---|
| Aineistotyyppi: | Tuntematon |
| Kieli: | Portuguese |
| Julkaistu: |
Rio de Janeiro, RJ :
Secretaria Municipal de Cultura,
1996.
|
| Aiheet: | |
| Tagit: |
Lisää tagi
Ei tageja, Lisää ensimmäinen tagi!
|
MARC
| LEADER | 000000000a22000000004500 | ||
|---|---|---|---|
| 001 | 014081 | ||
| 020 | |a 8585815027 | ||
| 041 | 0 | |a por | |
| 082 | 0 | 4 | |a Br869.1 |b G218e |
| 100 | 1 | |a Gardel, André, |d 1962- | |
| 245 | 1 | 2 | |a O encontro entre Bandeira e Sinho = |b La reunión entre Bandera y Sinhó / |c André Gardel. |
| 246 | 3 | 1 | |a La reunión entre Bandera y Sinhó |
| 260 | 1 | |a Rio de Janeiro, RJ : |b Secretaria Municipal de Cultura, |c 1996. | |
| 300 | |a 203 páginas ; |c 21 cm. | ||
| 650 | 4 | |a LITERATURA BRASILEÑA | |
| 650 | 4 | |a CRITICA | |
| 650 | 4 | |a INTERPRETACION | |
| 650 | 4 | |a MUCICA POPULAR | |
| 500 | |a Colección George Yúdice | ||
| 999 | |c 19980 |d 19980 | ||
| 942 | |c BK |h Br869.1 G218e |2 z | ||



